A-Z tripleS Songs - Statistics

General Stats
  • This quiz has been taken 27 times
  • The average score is 7 of 15
Answer Stats
Hint Answer % Correct
A @% (Alpha Percent), Are You Alive?
89%
B Beam, Before the Rise, Beyond the Beyond
68%
D Dimension, Dreaming, Detective Soseol, Diablo
63%
C Colorful, Chowall, Chiyu
58%
L Love Child, Love2Love
53%
G Girls Never Die
47%
F Firework Diary, Friend Zone
42%
H Heart Raider, ###
37%
R Rising
37%
M Midnight Flower
32%
N New Look, Non Scale
32%
P Polaroid, PainDrop, Persona, PinkPower
32%
S S
32%
W White Soul Sneakers
32%
T The Baddest, 24, Too Hot
26%
No matching quizzes found
Score Distribution
Percent of People with Each Score
Percentile by Number Answered
Your Score History
You have not taken this quiz